000 02316nam0a2200361 4500
001 RU\NLR\BIBL_A\012192602
005 20200714171045.0
010 _a978-5-4479-0211-7
_950
021 _aRU
_bКН-П-19-099465
_9КН-П-19-7310
035 _a(NLR Aleph) 012192602
035 _a(RuMoRGB)010209796
090 _a12298969
_c12298969
100 _a20200130d2019 u y0rusy50 ca
101 0 _arus
102 _aRU
105 _ay|||j|||000zy
181 0 _ai
_baxxe
182 0 _an
200 1 _aОтечественная история в XIX веке
_eучебное пособие для бакалавров, обучающихся по направлениям 38.03.01 "Экономика", 38.03.02 "Менеджмент"
_fТ. П. Назарова, Н. В. Морозова
_gМинистерство сельского хозяйства Российской Федерации, Департамент научно-технологической политики и образования, Федеральное государственное бюджетное образовательное учреждение высшего образования "Волгоградский государственный аграрный университет"
203 _aТекст
_bвизуальный
_cнепосредственный
210 _aВолгоград
_cВолгоградский ГАУ
_d2019
215 _a87 с.
_d21
300 _aНа 85-й с. авт.: Морозова Н. В., Назарова Т. П. - кандидаты ист. наук, доценты
320 _aБиблиогр.: с. 83-84 и в подстроч. примеч.
607 _aРоссия
_jУчебно-методические пособия для высших учебных заведений
_xИстория
_z19 в.
_92086774
_3RU\NLR\AUTH\661262919
686 1 _aТ3(2)5я73
700 1 _7ca
_8rus
_aНазарова
_bТ. П.
_cканд. ист. наук
_gТатьяна Павловна
_9102121
_3RU\NLR\AUTH\77119196
701 1 _aМорозова
_bН. В.
_cканд. ист. наук
_gНаталия Владимировна
_9143423
_3RU\NLR\AUTH\770143459
942 _cBOOK
980 _aNBR
980 _aNB